Canada seafood buyer's guide 2013.
| Format: | Book |
|---|---|
| Published: |
Victoria BC:
Contact Canada,
2013.
|
| Subjects: |
| LEADER | 00409cam a2200133 7i4500 | ||
|---|---|---|---|
| 001 | 0000031859 | ||
| 005 | 20141124090000.0 | ||
| 020 | 0 | 0 | |a 9781897488515 |
| 090 | 0 | 0 | |a CAND 641.392025 |b CAN |
| 245 | 0 | 0 | |a Canada seafood buyer's guide 2013. |
| 260 | 0 | 0 | |a Victoria BC: |b Contact Canada, |c 2013. |
| 300 | # | # | |a 64 p. |
| 650 | 0 | 0 | |a Seafood -- |x Directories -- |z Canada |
| 999 | |a B000034595 |b Directories |c Countries |e Business Information Centre | ||


